000 00537nam a2200193 i 4500
001 16080
003 ES-MaACL
005 20250930063034.0
007 t|
008 000621s2000 sp ||||1| spa d
020 _a84-607-0001-1
080 _a821.134.2-14"19"
100 1 _aPino, Francisco,
_d1910-2002
_992165
245 1 0 _aTejas
_b: lugar de Dios, poema /
_cFrancisco Pino.
260 _a[Valladolid] :
_bAzul,
_c2000.
300 _a75 p. ;
_c24 cm.
852 _aES-MaACL
_jL-23278
_bR.128417
999 _c16080
_d16080